Storia della Chiesa / (Record n. 10027)
[ formato base ]
| 000 -LEADER | |
|---|---|
| fixed length control field | 01112nam a2200277 i 4500 |
| 003 - CONTROL NUMBER IDENTIFIER | |
| control field | IT-RoINE |
| 005 - DATE AND TIME OF LATEST TRANSACTION | |
| control field | 20170627083802.0 |
| 008 - FIXED-LENGTH DATA ELEMENTS--GENERAL INFORMATION | |
| fixed length control field | 031005m19571960it r 001 u ita d |
| 040 ## - CATALOGING SOURCE | |
| Original cataloging agency | PUG |
| Modifying agency | IT-RoINE |
| Transcribing agency | IT-RoINE |
| 100 1# - MAIN ENTRY--PERSONAL NAME | |
| Personal name | Bihlmeyer, Karl, |
| Dates associated with a name | 1874-1942. |
| 9 (RLIN) | 20786 |
| 240 10 - UNIFORM TITLE | |
| Uniform title | Kirchengeschichte. |
| Language of a work | Italiano |
| 245 10 - TITLE STATEMENT | |
| Title | Storia della Chiesa / |
| Statement of responsibility, etc | di Karl Bihlmeyer, Hermann Tuechle ; edizione italiana a cura di Igino Rogger. |
| 250 ## - EDITION STATEMENT | |
| Edition statement | 2a ed. riveduta. |
| 260 ## - PUBLICATION, DISTRIBUTION, ETC. (IMPRINT) | |
| Place of publication, distribution, etc | Brescia : |
| Name of publisher, distributor, etc | Morcelliana, |
| Date of publication, distribution, etc | 1957-1960. |
| 300 ## - PHYSICAL DESCRIPTION | |
| Extent | 4 v. ; |
| Dimensions | 24 cm. |
| 336 ## - CONTENT TYPE | |
| Source | rdacontent |
| Content type term | text |
| 337 ## - MEDIA TYPE | |
| Source | rdamedia |
| Media type term | unmediated |
| 338 ## - CARRIER TYPE | |
| Source | rdacarrier |
| Carrier type term | volume |
| 500 ## - GENERAL NOTE | |
| General note | Tit. orig.: Kirchengeschichte |
| 504 ## - BIBLIOGRAPHY, ETC. NOTE | |
| Bibliography, etc | Incluye referencias bibliográficas e índices. |
| 505 1# - FORMATTED CONTENTS NOTE | |
| Formatted contents note | v. 1: L'antichità cristiana / prefazione a cura di p. Vincenzo Monachino S.I. 1957 -- v. 2: Il Medioevo. 1960 -- v. 3: L'epoca delle riforme. 1958 -- v. 4: L'epoca moderna. 1959. |
| 610 24 - SUBJECT ADDED ENTRY--CORPORATE NAME | |
| 9 (RLIN) | 1635 |
| Corporate name or jurisdiction name as entry element | Iglesia Católica |
| General subdivision | Historia |
| 700 1# - ADDED ENTRY--PERSONAL NAME | |
| Personal name | Tüchle, Hermann, |
| Dates associated with a name | 1905-1986 |
| 9 (RLIN) | 20788 |
| 700 1# - ADDED ENTRY--PERSONAL NAME | |
| 9 (RLIN) | 20789 |
| Personal name | Rogger, Iginio, |
| Dates associated with a name | 1919-2014 |
| 942 ## - ADDED ENTRY ELEMENTS (KOHA) | |
| Item type | Monografías |
| Withdrawn status | Lost status | Damaged status | Not for loan | Home library | Current library | Date acquired | Total Checkouts | Full call number | Barcode | Date last seen | Price effective from | Koha item type | Public note |
|---|---|---|---|---|---|---|---|---|---|---|---|---|---|
| Iglesia Nacional Española en Roma | Iglesia Nacional Española en Roma | 02/09/2015 | HIS.ECL 22.1 | 16881 | 02/09/2015 | 02/09/2015 | Monografías | v. 1: L'antichità cristiana | |||||
| Iglesia Nacional Española en Roma | Iglesia Nacional Española en Roma | 02/09/2015 | HIS.ECL 22.2 | 16882 | 02/09/2015 | 02/09/2015 | Monografías | v. 2: Il Medioevo | |||||
| Iglesia Nacional Española en Roma | Iglesia Nacional Española en Roma | 02/09/2015 | HIS.ECL 22.3 | 16883 | 02/09/2015 | 02/09/2015 | Monografías | v. 3: L'epoca delle riforme | |||||
| Iglesia Nacional Española en Roma | Iglesia Nacional Española en Roma | 02/09/2015 | HIS.ECL 22.4 | 16884 | 02/09/2015 | 02/09/2015 | Monografías | v. 4: L'epoca moderna |